000 00983cam a22003017a 4500
003 CHAP
005 20220817042352.0
008 971013s1963 r 00010 d
010 _a42467
011 _a43439
035 _a47575
040 _cCHAP
082 _a317.25
_bM49i
110 _aMéxico. Dirección General de Muestreo
_977006
245 0 _aInvestigación demográfica, económica y social en el Distrito Federal
260 _aMéxico, D.F. :
_bLa Dirección,
_c1963
300 _a63 p
590 _aBATCH-UPD
_b10
_c20130110
_lUCH01
_h1813
590 _aBATCH-UPD
_b10
_c20130410
_lUCH01
_h1148
590 _aBATCH-UPD
_b10
_c20130914
_lUCH01
_h1826
590 _aCONVERSION
_b10
_c20130109
_lUCH01
_h1323
650 1 4 _aMéxico (D.F.)
_xCondiciones económicas.
_976812
650 1 4 _aMéxico (D.F.)
_xCondiciones sociales.
650 1 4 _aPoblación
_zMéxico (D.F.).
_989427
901 _aBK
942 _cLIBRO
949 _a317.25 M49i
_bBC
_cBPA
_d-108072
_eBPA
_i47575
_mD
_sb
999 _c42467
_d42467